| 000 | 01047nam a22002657a 4500 | ||
|---|---|---|---|
| 003 | PE SENCICO BE | ||
| 005 | 20251020182707.0 | ||
| 008 | 240305b |||||||| |||| 00| 0 eng d | ||
| 040 |
_aPE SENCICO BE _cPE SENCICO BE |
||
| 041 | _aspa | ||
| 084 |
_aI _aDIS _a2001 _bR84 |
||
| 100 | 1 |
_92015 _aRossi Meza, Guillermo Martín _eautor |
|
| 245 | 1 |
_aProyecto casa de playa / _cGuillermo Martín Rossi Meza |
|
| 260 |
_aLima : _c2001 |
||
| 300 |
_a60 h. : _bplans. ; _c42 x 30 cm. |
||
| 500 | _aEl texto contiene planos. | ||
| 502 | _aMonografía de Titulación.-- Servicio Nacional de Capacitación para la Industria de la Construcción. Escuela Superior Técnica. Carrera Profesional Técnica en Diseño de Interiores, 2001 | ||
| 650 | 1 | 0 |
_944 _aDiseño de interiores |
| 650 | 2 | 0 |
_91892 _aCasas de playa |
| 650 | 2 | 0 |
_9370 _aArquitectura de viviendas |
| 650 | 2 | 0 |
_9615 _aPlanos |
| 710 | 1 |
_aServicio Nacional de Capacitación para la Industria de la Construcción. _bEscuela Superior Técnica _91065 |
|
| 910 |
_bhfp _chfp |
||
| 942 |
_cMON _2ddc |
||
| 999 |
_c4984 _d4984 |
||